00551nam a22001697a 4500003000900000005001700009007000300026008003300029040002500062082000700087111007700094245007200171260005800243300002100301490002900322830003000351DO-SdBNP20220531074734.0ta201014b 2012 dr 00| 0 eng d aDO-SdBNPbspacBNPHU 42221 a Congreso Internacional del Interiorismo (4o. : 2012 : Madrid, España)10aEn el ameno huerto deseado :bponencias / cBruno Rosario Candelier aSanto Domingo :bAteneo Insular Internacional,c2012. a401 p. ;c23 cm.1 aPor las Amenas Lirasv12 0aPor las Amenas Liras, 12